| 000 | 00630nam a2200181 a 4500 | ||
|---|---|---|---|
| 005 | 20250116063829.0 | ||
| 008 | 991125s1971 fr 000 0 fre u | ||
| 035 | _aUPN01000014807 | ||
| 049 | _aF | ||
| 050 | 4 |
_aLB5 _bB12 |
|
| 110 | 2 | _aInstitut de l'Unesco pour l'Education (Hamburg) | |
| 245 | 1 | 3 |
_aLe developpement de l'education au cours des dernieres decennies : _baction des facteurs socio-economiques, politiques et philosophiques / _cInstitut de l'Unesco pour l'Education. |
| 260 |
_a[París] : _bUNESCO, _c1971. |
||
| 300 | _a10 p. | ||
| 440 | 0 |
_aSérie B. _pOpinions ; _v12 |
|
| 650 | 4 |
_aEducación _9682 |
|
| 905 | _aLibro | ||
| 999 |
_c14807 _d14807 |
||